000 00982nam a2200265Ia 4500
003 OSt
005 20220923220236.0
006 a|||||r|||| 00| 0
007 ta
008 220922b |||||||| |||| 00| 0 hin d
024 _a185,355
037 _cTextual
040 _aARTS
_cARTS
_bhin
041 _2hin
_ahin
082 _aO152,1(Delta25):g(P), K8
100 _aराजदेव सिंह
245 0 _aशब्द और अर्थ
_b संत साहित्य के संदर्भ में
246 _aShabda aur artha: santa sāhitya ke sandarbha mean
260 _aवाराणसी
_b नन्द किशोर एण्ड ब्रदर्स
_c1968
300 _a217 पृ.
_ccm.
650 _a हिन्दी साहित्य
_9156264
650 _aहिन्दी कविता
942 _hO152,1(Delta25):g(P), K8
_cTEXL
_2CC
999 _c338601
_d338601